La mediacin̤. Un instrumento de conciliacin̤

Detalles Bibliográficos
Autor principal: Souto Galvǹ, Esther
Formato: Libro
Lenguaje:español
Publicado: Madrid Dykinson 2010
Materias:
Acceso en línea:Acceso restringido

MARC

LEADER 00000nam a22000007a 4500
005 2015120202422.0
007 cr|||| ||u|
008 151202s2010 sp ||||| |||| 00||0 spa d
020 |a 978-84-9085-306-1 
035 |a 12941 
040 |a vLex 
090 |c 5701  |d 5701 
100 1 |a Souto Galvǹ, Esther  
245 1 3 |a  La mediacin̤. Un instrumento de conciliacin̤  |h [Recurso electrn̤ico] /  |c Esther Souto Galvǹ 
256 |a Servicio en ln̕ea  
260 |a Madrid  |b Dykinson  |c 2010 
300 |a 1 recurso electrn̤ico 
500 |a La conciliacin̤, la mediacin̤ y el arbitraje son va̕s alternativas a los procesos judiciales para la resolucin̤ de conflictos que cuentan con una larga tradicin̤ en el m̀bito socio-jurd̕ico. Han sido empleados por las distintas culturas jurd̕icas en varios r̤denes, tanto intersubjetivos como interestatales, entre los que destacan: el laboral, el mercantil y el internacional. En el m̀bito polt̕ico internacional dos ejemplos se muestran paradigmt̀icos en la transicin̤ del siglo XIX al XX: el Tribunal Permanente de Arbitraje de la Haya, constituido en 1899, y la Liga de Naciones creada al final de la Gran Guerra de 1914, y antecedente de la ONU, que emple ̤el arbitraje como cauce para resolver disputas derivadas de las secuelas de la I Guerra mundial. A lo largo del siglo XX el arbitraje se ha erigido en Europa como un mecanismo habitual para la resolucin̤ de conflictos de n̕dole mercantil y laboral. En los EUA, adems̀, se ha desarrollado vigorosamente en el l︢timo tercio del siglo XX una cultura alternativa de mediacin̤ no sl̤o en el m̀bito laboral y comercial, sino tambiň en el civil y en el administrativo. 
506 1 |a Contenido solo disponible en los productos indicados  |d vLex Global  |d vLex Global (Academic Edition, excluding Law Schools)  |d vLex Global (U.S. Academic Edition, Law Schools)  |d vLex Global (U.S. Academic Edition, excluding Law Schools)  |d vLex Global (Academic Edition, Law Schools) 
650 0 4 |a Mediacin̤  |z Europa  |z Espaą 
740 0 |a vLex libros (servicio en ln̕ea) 
856 4 0 |u http://vlex.com/source/mediacion-un-instrumento-de-conciliacion-12941  |z Acceso restringido 
942 |c BOOK 
999 0 |a Mediation